000 00341nam a2200133Ia 4500
005 20260328104257.0
008 260328s9999||||xx |||||||||||||| ||und||
100 _aPérez, Cristina
245 0 _aLa Biblia de los Materiales de Arquitectura /
_cCristina Pérez
260 _bKönemann
300 _a503 p.
650 _aVIDRIO
942 _cBK
999 _c10481
_d10481